Starting to draw / (Record no. 1355)

MARC details
000 -LEADER
fixed length control field 00811pam a2200265 a 4500
005 - DATE AND TIME OF LATEST TRANSACTION
control field 20260322212057.0
008 - FIXED-LENGTH DATA ELEMENTS--GENERAL INFORMATION
fixed length control field data
010 ## - LIBRARY OF CONGRESS CONTROL NUMBER
LC control number 81012996
020 ## - INTERNATIONAL STANDARD BOOK NUMBER
International Standard Book Number 0823049167
020 ## - INTERNATIONAL STANDARD BOOK NUMBER
International Standard Book Number 9780823049165
040 ## - CATALOGING SOURCE
Original cataloging agency DLC
Transcribing agency DLC
Modifying agency DLC
050 00 - LIBRARY OF CONGRESS CALL NUMBER
Classification number NC730
Item number .B54 1981
082 00 - DEWEY DECIMAL CLASSIFICATION NUMBER
Classification number 741.2
Edition information 19
092 ## - LOCALLY ASSIGNED DEWEY CALL NUMBER (OCLC)
Classification number 741.2 B54 1981
001 - CONTROL NUMBER
control field data
100 1# - MAIN ENTRY--PERSONAL NAME
Personal name Blake, Wendon.
245 10 - TITLE STATEMENT
Title Starting to draw /
Statement of responsibility, etc. Wendon Blake & Ferdinand Petrie.
260 ## - PUBLICATION, DISTRIBUTION, ETC.
Place of publication, distribution, etc. Don Mills, Ont. :
Name of publisher, distributor, etc. General Pub. Co.,
Place of publication, distribution, etc. Don Mills, Ont. :
Name of publisher, distributor, etc. General Pub. Co.,
Date of publication, distribution, etc. c1981.
300 ## - PHYSICAL DESCRIPTION
Extent 80 p. :
Other physical details ill. ;
Dimensions 28 cm.
490 1# - SERIES STATEMENT
Series statement The artist's painting library
500 ## - GENERAL NOTE
General note Originally published as pt. 1 of The drawing book.
650 #0 - SUBJECT ADDED ENTRY--TOPICAL TERM
Topical term or geographic name entry element Drawing
General subdivision Technique.
700 1# - ADDED ENTRY--PERSONAL NAME
Personal name Petrie, Ferdinand,
Dates associated with a name 1925-
800 1# - SERIES ADDED ENTRY--PERSONAL NAME
Personal name Blake, Wendon.
Title of a work Artist's painting library.
Holdings
Withdrawn status Lost status Damaged status Not for loan Home library Current library Shelving location Date acquired Total checkouts Full call number Barcode Date last seen Price effective from Koha item type
        Centerville Centerville General stacks 22/03/2026   741.2 19 BC0011399 22/03/2026 22/03/2026 Books